header

The national interest in international relations theory (Record no. 102226)

MARC details
000 -LEADER
fixed length control field 01168nam a22002894a 4500
082 04 - DEWEY DECIMAL CLASSIFICATION NUMBER
Classification number 327.1/01
100 1# - MAIN ENTRY--AUTHOR NAME
Personal name Burchill, Scott,
245 14 - TITLE STATEMENT
Title The national interest in international relations theory
260 ## - PUBLICATION, DISTRIBUTION, ETC. (IMPRINT)
Place of publication Houndmills, Basingstoke, Hampshire ;
-- New York :
Name of publisher Palgrave Macmillan,
Year of publication 2005.
300 ## - PHYSICAL DESCRIPTION
Number of Pages viii, 224 p.
650 #0 - SUBJECT ADDED ENTRY--TOPICAL TERM
Topical Term National interest.
856 40 - ELECTRONIC LOCATION AND ACCESS
Uniform Resource Identifier http://site.ebrary.com/lib/rucke/Doc?id=10103785

No items available.

© 2026 Rongo University
Contact us: librarian | system librarian | Rongo university